000 00702nam a2200289Ia 4500
005 20260324143458.0
008 008 260324s9999 xx 000 0 eng d
020 _a9781315801346
037 _aEBOOK
040 _aCRL
040 _beng
040 _cCRL
041 _2eng
041 _aeng
084 _qCRL
100 _aCarol Gilligan; Deborah L Tolman; Annie G Rogers
_91215779
245 0 _aWomen, Girls & Psychotherapy
245 0 _bReframing Resistance
260 _bTaylor and Francis
260 _c1991
365 _a
365 _b140
856 _uhttp://www.taylorfrancis.com/books/9781315801346
942 _cEBOOK
999 _c1821235
_d1821235